Central Library OPAC University of Rajshahi

Mathematics for business and economics / (Record no. 34769)

MARC details
000 -LEADER
fixed length control field 00797cam a22002898 4500
001 - CONTROL NUMBER
control field 34769
003 - CONTROL NUMBER IDENTIFIER
rucl marc code BD-RjUL
005 - DATE AND TIME OF LATEST TRANSACTION
control field 20211209052216.0
008 - FIXED-LENGTH DATA ELEMENTS--GENERAL INFORMATION
fixed length control field 140519t1964 nyua 000 0 eng d
035 ## - SYSTEM CONTROL NUMBER
System control number MITb10237504
System control number (BD-RjUL)34863
System control number GLIS00237504
040 ## - CATALOGING SOURCE
Original cataloging agency DLC
Transcribing agency DLC
Modifying agency MYG
-- BD-RjUL
Language of cataloging eng
041 ## - LANGUAGE CODE
Language code of text/sound track or separate title eng
082 04 - DEWEY DECIMAL CLASSIFICATION NUMBER
Classification number 311.8
Author mark and year CLM 1964
099 ## - LOCAL FREE-TEXT CALL NUMBER (OCLC)
Bangla Class number HF5691.N45 1986
100 1# - MAIN ENTRY--PERSONAL NAME
Personal name Clssell
9 (RLIN) 105812
245 10 - TITLE STATEMENT
Title Mathematics for business and economics /
Statement of responsibility, etc. Clssell
260 ## - PUBLICATION, DISTRIBUTION, ETC. (IMPRINT)
Place of publication, distribution, etc. New York :
Name of publisher, distributor, etc. McGraw-Hill,
Date of publication, distribution, etc. c1964
300 ## - PHYSICAL DESCRIPTION
Pagination 75 p. :
Illustrations ill. ;
Size 25 cm.
650 #0 - SUBJECT ADDED ENTRY--TOPICAL TERM
Topical term or geographic name as entry element Business mathematics.
9 (RLIN) 105813
Topical term or geographic name as entry element Economics, Mathematical.
9 (RLIN) 105814
942 ## - ADDED ENTRY ELEMENTS (KOHA)
Source of classification or shelving scheme Dewey Decimal Classification
Koha item type Books
949 ## - LOCAL PROCESSING INFORMATION (OCLC)
a MYGD
b 39080000021250
Holdings
Lost status Source of classification or shelving scheme Damaged status Not for loan Collection code Permanent Location Current Location Shelving location Date acquired Source of acquisition Cost, normal purchase price Total Checkouts Full call number Date last seen Copy number Koha item type
  Dewey Decimal Classification     Non-fiction Central Library, University of Rajshahi Central Library, University of Rajshahi   19/09/1970 Sweet & Zeitlinger 21.60   511.8 CLM 1964 19/05/2014 C-1 Books